00321pam a2200109 a 4500020000500000041000500005082001300010100003000023245010900053260003600162300001300198 c h a658.4`04 aBUTTRICK (Robert)eauthor aThe Project Workout: A Toolkit for reaping the rewards from all your business projectshTextual Document bPitman Publication Londonc1997 aXXII,407